000 00636cam a22002294a 4500
001 sa 63004705
003 DLC
005 20260227111951.0
008 940804s1963 ii 000 0 pano
010 _asa 63004705
025 _aPL480:I-Pu-232
035 _a(OCoLC)30883512
040 _aDLC
_cDLC
050 0 0 _aPK2659.A548
_bG35 1963
100 0 _aAnūpa Siṅgha.
245 1 0 _aGajadā Pañjāba /
_clekhaka Anūpa Siṅgha "Pradosī" [sic].
250 _a1. wāra.
260 _aAmmritasara :
_bBhāī Mehara Siṅgha Surindara Siṇgha,
_c1963.
300 _a130 p. ;
_c20 cm.
500 _aPoems.
546 _aIn Panjabi.
999 _c55816
_d55816